| 000 | 01694cam a22004217i 4500 | ||
|---|---|---|---|
| 005 | 20230727091803.0 | ||
| 008 | 140728t20142015maua 001 0 eng d | ||
| 010 | _a 2014947010 | ||
| 020 |
_a1285451414 _q(Student edition) |
||
| 020 |
_a9781285451374 _q(Student edition with CourseMate) |
||
| 020 |
_a1285451376 _q(Student edition with CourseMate) |
||
| 035 | _a(OCoLC)ocn903888467 | ||
| 040 |
_aZ8R _beng _cZ8R _erda _dOCLCF _dNOC _dDLC |
||
| 042 | _alccopycat | ||
| 082 | 0 | 4 |
_a658.5 _223 _bCOL-O |
| 100 | 1 |
_aCollier, David A., _d1947- |
|
| 245 | 1 | 0 |
_aOM / _cDavid A. Collier, James R. Evans. |
| 246 | 3 | _aOperations management 5 | |
| 250 | _aStudent edition. | ||
| 260 |
_aUSA _bCengage _c2015 |
||
| 264 | 1 |
_aBoston : _bCentage Learning _c[2014] |
|
| 264 | 4 | _c©2015 | |
| 300 |
_aix, 424 pages, 40 unnumbered pages : _bcolor illustrations ; _c28 cm |
||
| 336 |
_atext _2rdacontent |
||
| 337 |
_aunmediated _2rdamedia |
||
| 338 |
_avolume _2rdacarrier |
||
| 500 | _a"Print number: 01, Print year: 2014."--Page ii. | ||
| 504 | _aIncludes bibliographical references and index. | ||
| 650 | 0 | _aProduction management. | |
| 650 | 7 |
_aProduction management. _2fast _0(OCoLC)fst01078309 |
|
| 700 | 1 |
_aEvans, James R. _d1950- |
|
| 856 | 4 | 2 |
_3Contributor biographical information _uhttp://www.loc.gov/catdir/enhancements/fy1606/2014947010-b.html |
| 856 | 4 | 2 |
_3Publisher description _uhttp://www.loc.gov/catdir/enhancements/fy1606/2014947010-d.html |
| 856 | 4 | 1 |
_3Table of contents only _uhttp://www.loc.gov/catdir/enhancements/fy1606/2014947010-t.html |
| 906 |
_a7 _bcbc _ccopycat _d3 _encip _f20 _gy-gencatlg |
||
| 999 |
_c33156 _d33156 |
||